Land of the tiger [
| Format: | Book |
|---|---|
| Published: |
s.l. :
National Geographic ,
19__
|
| Subjects: |
MARC
| LEADER | 00000cam a2200000 7i4500 | ||
|---|---|---|---|
| 001 | 0000002197 | ||
| 002 | 000002395 | ||
| 005 | 20021014.0 | ||
| 020 | |a 000002395 | ||
| 090 | 0 | 0 | |a 599.74428 |b LAN |
| 245 | 0 | 0 | |a Land of the tiger [ |h video recording] |
| 260 | |a s.l. : |b National Geographic , |c 19__ | ||
| 300 | |a 1 Video recording VHS (60 minutes) : |b col.(PAL) | ||
| 500 | |a Library has 1 copy | ||
| 650 | 0 | 0 | |a Tigers |x Behavior |
| 999 | |a 00098 |b VIDEO |c KOLEKSI AUDIO VIDEO |e PERPUSTAKAAN KOMUNITI PETALING JAYA | ||